000 00697nam a2200241Ia 4500
005 20260430150603.0
008 008 250103s9999 xx 000 0 eng d
037 _aTheses
040 _aCRL
040 _beng
040 _ceng
041 _2eng
041 _aeng
084 _qCRL
100 _aArti Au.; Verma Vivek Kumar Gu.
_91237930
245 0 _aInvestigation of Ferroelectric and Optical Properties of Bismuth Ferrites for Photovoltaic and Photocatalytic Applications
260 _c2024
300 _a225p.
650 _aPhysics
700 _aUniversity of Delhi. Faculty of Science. Deptt. of Physics & Astrophysics
_91237110
942 _cTH
999 _c1850145
_d1850145